Sports Quiz

Random Sports or NBA Quiz
Score 0/20 Timer 05:00
0 Plays Today
Question Answer Wrong Answers
Played the majority of his career with the Warriors ???
94.7%
???
2.6%
???
0%
'the Truth' ???
92.1%
???
0%
???
2.6%
Formed a 'Big Three' with Ray Allen and Kevin Garnett ???
92.1%
???
0%
???
0%
Is the youngest of these three players ???
92.1%
???
2.6%
???
0%
Spent the majority of his career with the Celtics ???
89.5%
???
0%
???
2.6%
All for of his sons played(or is playing) in the NBA ???
86.8%
???
2.6%
???
5.3%
Have played in the ABA ???
86.8%
???
0%
???
5.3%
Averaged 19.7 points, 5.6 rebounds, and 3.5 assists in his career ???
84.2%
???
10.5%
???
0%
Had a .893 free throw percentage in his career with his famous 'Granny Shot' Free throw ???
84.2%
???
2.6%
???
5.3%
Is a 10-time All-Star and a 1-time NBA champion ???
78.9%
???
13.2%
???
0%
Averaged 27.4 points, 13.5 rebounds, and 4.3 assists in his career ???
78.9%
???
13.2%
???
2.6%
College is Kansas ???
76.3%
???
10.5%
???
7.9%
Played for only one team in his career ???
76.3%
???
7.9%
???
13.2%
Is a 11-time All-Star, won the ROY award, and is in the Hall of Fame ???
68.4%
???
10.5%
???
15.8%
College is Albertson college of Idaho& Seattle Univ. ???
65.8%
???
5.3%
???
23.7%
Is the shortest of these three players (but the best rebounder) ???
65.8%
???
7.9%
???
18.4%
Is a 12-time All-Star, a 1-time NBA champion and a finals MVP, won the ROY award, and is in the Hall of Fame ???
63.2%
???
18.4%
???
10.5%
Averaged 24.8 points, 6.7 rebounds, and 4.9 assists in his career ???
52.6%
???
23.7%
???
18.4%
Also won the executive of the year award as an executive ???
52.6%
???
5.3%
???
36.8%
College is Miami (Florida) ???
50%
???
13.2%
???
34.2%
Remove Ads.
Support Sporcle.
Get the best of Sporcle when you Go Orange. This ad-free experience offers more features, more stats, and more fun while also helping to support Sporcle. Thank you for becoming a member.

You're not logged in!

Compare scores with friends on all Sporcle quizzes.
OR
Log In

Sporcle TV

Today on Sporcle TV


Watch our educational content, quiz creation guides, and fun videos on Sporcle TV.

Show Comments

Extras

Top Quizzes Today


Score Distribution

Paid Content

Your Account Isn't Verified!

In order to create a playlist on Sporcle, you need to verify the email address you used during registration. Go to your Sporcle Settings to finish the process.

Report this User

Report this user for behavior that violates our Community Guidelines.

Details: